00813nam a2200229 i 4500001000700000003000900007005001700016007000300033008004100036080002100077100002800098245007900126260004200205300002200247490003200269500002900301650003900330830004000369852003300409999001900442952012200461105637ES-MaACL20230906183934.0t|060801s1964 fr ||||1| fre d a331.107.8(497.1)1 aMeister, Albert.97985610aSocialisme et autogestion b: l'expérience yugoslave / cAlbert Meister. aParis : bEditions du Seuil, c[1964] a398 p. ; c21 cm.1 aEsprit. Frontière ouverte aBiblioteca Juan Andrade. aAutogestión-zYugoslavia.9104320 aEsprit. Frontière ouverte9232756 aES-MaACLjAND-450 bR.109754 c105637d105637 00104070aATENEOMbATENEOMcDEPO2d2008-01-17eSCl0oAND-450p1110288r2023-02-23 00:00:00w2023-02-23yMONOGRAFIA